| 000 | 00377cam a22001337a 4500 | ||
|---|---|---|---|
| 008 | 180718b1967 xxu||||| |||| 00| 0 eng d | ||
| 082 | _aT300 B223 | ||
| 100 | _aBanerjee, Mrityunjoy | ||
| 245 |
_aBusiness organization: an introductory analysis _cby Mrityunjoy Banerjee |
||
| 250 | _a2nd ed. | ||
| 260 |
_aBombay _bAsia _c1967 |
||
| 300 | _a227p. | ||
| 650 | _aBusiness Management | ||
| 999 |
_c358901 _d358901 |
||